000 00339 a2200169 4500
001 176430
020 _a
040 _cMagnum
100 _aPuntel, Luiz
240 1 0 _aO felino fidelis
_lpor
245 1 0 _aO felino fidelis
300 _a77
362 0 _a1982
440 1 _aBrasiliense
697 _aLITERATURA JUVENIL
942 _cBK
999 _c176430
_d176430